Capitals of Provinces/States/Regions #1 - Statistics

General Stats
  • This quiz has been taken 19 times
  • The average score is 12 of 14
Answer Stats
Region Country Capital % Correct
Catalonia Spain Barcelona
100%
Colorado United States Denver
100%
England U.K. London
100%
Île-de-France France Paris
100%
National Capital Territory India New Delhi
92%
New South Wales Australia Sydney
85%
Guangdong China Guangzhou
77%
Amazonas Brazil Manaus
77%
Banaadir Somalia Mogadishu
77%
Lazio Italy Rome
77%
Tombouctou Mali Timbuktu
77%
Masovian Poland Warsaw
77%
Uusimaa Finland Helsinki
69%
North Rhine-Westphalia Germany Düsseldorf
62%
No matching quizzes found
Score Distribution
Percent of People with Each Score
Percentile by Number Answered
Your Score History
You have not taken this quiz